Statistics for All Eye Colors

Click here to take the quiz!

General Stats

  • This quiz has been taken 179 times
    (148 since last reset)
  • The average score is 8 of 13

Answer Stats

Eye Colors% Correct
brown
100%
blue
98%
green
96%
black
87%
hazel
87%
red
77%
gray
69%
violet
50%
amber
46%
silver
24%
indigo
13%
blue gray
7%
spectrum of colors
2%

Score Distribution

Percentile by Number Answered

Percent of People with Each Score

Your Score History

You have not taken this quiz since the last reset